00968 2200325 4500001002100000005001500021035002000036007000300056008004100059020002200100040002200122082001600144084001800160090002200178090002200200100002500222245007800247300004500325650002900370650001700399700002700416850001200443504003300455264003600488336002100524337003000545338002300575999002200598990002200620INLIS00000000085614520200709010921 a0010-0720000358ta200709s2015 yoia g ind d a978-602-401-068-3 aYOPDYOGbinderda04223a297.577 a297.577 ABD f aDEP 297.577 ABD f aCB-D.11 2015-29900 aAbdul Wasikepenulis aFiqih keluarga :bantara konsep dan realitas /cAbdul Wasik,Samsul Arifin a239 halaman :bilustrasi, tabel ;c20 cm 4aHukum perkawinan (Islam)0 aHukum faraid0 aSamsul Arifinepenulis aYOPDYOG aBibliografi: halaman 233-23731aYogyakarta :bDeepublish,c2015 2rdacontentateks 2rdamediaatanpa perantara 2rdacarrieravolume aCB-D.11/2015-2990 aCB-D.11/2015-2990